000
00232nam a2200085Ia 4500
245
0
_a
Hurricane and typhoon alert!
100
_a
CHALLEN, Paul New York, 2004
_9
79623
942
_c
BK
008
210817s9999 xx 000 0 und d
999
_c
278096
_d
278095